| 000 | 00502nam a2200169Ia 4500 | ||
|---|---|---|---|
| 003 | GCL | ||
| 008 | 140319s9999 xx 000 0 eng d | ||
| 040 |
_aGCL / _cGCL |
||
| 082 | 0 | 4 |
_a782.1047 _bB W |
| 100 | 1 | _aBARTLETT, RASAMUND | |
| 245 | 1 | 0 |
_aWAGNER AND RUSSIA / _cBARTLETT, RASAMUND |
| 260 |
_a[S.N] : _bCAMBRIDGE UNIVERSITY PRESS ، _c1995 |
||
| 490 |
_aCAMBRIDGE STUDIES IN PHILOSOPHY _v0 |
||
| 650 | 0 | 4 | _aWAGNER, RICHARD 1813 - 1883 |
| 650 | 0 | 4 | _aCRITICISM AND INTER PRETATION |
| 942 |
_2ddc _cBK |
||
| 999 |
_c12632 _d12632 |
||